000 00763nam a2200229Ia 4500
003 GCL
008 140319s9999 xx 000 0 ara d
040 _aGCL /
_cGCL
082 0 4 _a916
_bج ا
100 1 _aجمال حمدان
245 1 0 _aافريقيا الجديدة : دراسة فى الجغرافيا السياسية /
_cجمال حمدان
250 _aالاولى
260 _aالقاهرة :
_bمكتبة مدبولى ،
_c1996
300 _a473 ص ؛
_c20سم
650 0 4 _aافريقيا
650 0 4 _aالسكان
650 0 4 _aالجغرافيا السياسية
650 0 4 _aالموارد الطبيعية
650 0 4 _aعواصم الدول
650 0 4 _aافريقيا - الاحوال الاقتصادية
942 _2ddc
_cBK
999 _c39277
_d39277